00920nam a2200169 a 450000100100000000500170001000800410002702000150006804000250008304100180010811101280012624502510025424601350050526000520064030000220069254600360071400003420120200930070849.0110928s1983 dr 000 0 spa d a2892370280 aDO-SdBNPbspacBNPHU17afre2spageng2 aCongreso internacional par el estudio de las culturas Pre-Colombinasde las Antillas Menoresn(9 : 2-8cSanto Domingod1981)10aProceedings of the ninth International Congress for the Study of the Pre-Columbian Cultures of the Lesser Antilles =bCompte rendus des communications du Congrès international d'ètudes des civilisations précolombiennes des Petites Antilles.10aCompte-rendu des communications du des Congrès international d'ètudes des civilisations précolombiennes des Petites Antilles aMontreal :bCent de Rechrrches Caraibes,c1983. a7574 p. ;c29 cm. aenglés, francés y español